[Event "114th YMCA Autumn D"]
[Site "Chylice"]
[Date "2012.11.15"]
[Round "9"]
[White "Piotrowicz, Jakub"]
[Black "Rylska, Kamila"]
[Result "1-0"]
[WhiteElo "1430"]
[BlackElo "1361"]
[PlyCount "116"]
[EventDate "2012.09.17"]
[EventType "tourn"]
[EventRounds "1"]
[EventCountry "POL"]
[SourceDate "2012.09.17"]

1. Nf3 d5 2. g3 Nf6 3. Bg2 Nc6 4. d4 Bg4 5. Bg5 Ne4 6. Bf4 e6 7. O-O Bd6 8.
Bxd6 Qxd6 9. Nbd2 Nxd2 10. Qxd2 h6 11. c3 O-O 12. b3 e5 13. dxe5 Nxe5 14. Nxe5
Qxe5 15. e3 c6 16. a4 Rfd8 17. b4 a6 18. a5 Rac8 19. Qd4 Qxd4 20. exd4 Re8 21.
Rfe1 f6 22. f3 Bf5 23. Rxe8+ Rxe8 24. Kf2 Bd3 25. Re1 Rxe1 26. Kxe1 Bf5 27. Ke2
Kf7 28. Ke3 Bd7 29. Bf1 Ke6 30. Bh3+ Kd6 31. Bxd7 Kxd7 32. Kf4 Ke6 33. h4 g6
34. g4 g5+ 35. Kg3 f5 36. f4 fxg4 37. hxg5 hxg5 38. fxg5 Kf5 39. g6 Kxg6 40.
Kxg4 Kf6 41. Kf4 Ke6 42. Kg5 Kd7 43. Kf5 Kd6 44. Kf6 Kd7 45. Kf7 Kd8 46. Ke6
Kc7 47. Ke7 b6 48. Ke6 b5 49. Ke7 Kc8 50. Kd6 Kb7 51. Kd7 Kb8 52. Kxc6 Ka7 53.
Kxd5 Kb7 54. Kd6 Kc8 55. Kc6 Kd8 56. d5 Kc8 57. Kb6 Kd7 58. Kxa6 Kd6 1-0

[Event "114th YMCA Autumn D"]
[Site "Chylice"]
[Date "2012.11.15"]
[Round "9"]
[White "Moscicka, Pola"]
[Black "Golecki, Jan"]
[Result "0-1"]
[WhiteElo "1399"]
[BlackElo "1354"]
[PlyCount "120"]
[EventDate "2012.09.17"]
[EventType "tourn"]
[EventRounds "1"]
[EventCountry "POL"]
[SourceDate "2012.09.17"]

1. d4 Nf6 2. c4 g6 3. Nc3 Bg7 4. e4 d6 5. Nf3 O-O 6. g3 Nbd7 7. Bg2 c6 8. O-O
e5 9. h3 h6 10. Be3 Qe7 11. Re1 Re8 12. b4 a6 13. b5 axb5 14. cxb5 c5 15. dxc5
Nxc5 16. Bxc5 dxc5 17. a4 b6 18. Nd2 Be6 19. Nf1 Red8 20. Qc2 Rd4 21. Red1 Qc7
22. Ne3 Rad8 23. Ne2 Rxd1+ 24. Rxd1 h5 25. Rxd8+ Qxd8 26. Qd1 Qxd1+ 27. Nxd1 c4
28. Nec3 Bh6 29. Bf1 Bd2 30. Be2 Bxh3 31. Bxc4 Bg4 32. Bd5 Nxd5 33. exd5 Kf8
34. Ne3 Bxc3 35. d6 Be6 36. Nc2 Ke8 37. Kf1 Kd7 38. Ke2 Bc4+ 39. Ke3 Kxd6 40.
Ke4 f5+ 41. Kf3 Bb3 42. Ne3 Bd4 43. Nf1 Bd5+ 44. Ke2 Bc4+ 45. Ke1 Bc3+ 46. Kd1
Bxf1 47. Kc2 Ba5 48. Kb3 Be1 49. f4 e4 50. Kc2 Bxg3 51. Kd2 Bxf4+ 52. Ke1 Bc4
53. Kf2 e3+ 54. Ke1 Bg3+ 55. Kd1 e2+ 56. Kc2 e1=Q 57. a5 Qe2+ 58. Kc1 Bf4+ 59.
Kb1 Ba2+ 60. Ka1 Be5# 0-1

[Event "114th YMCA Autumn D"]
[Site "Chylice"]
[Date "2012.11.12"]
[Round "9"]
[White "Golecka, Jadwiga"]
[Black "Gajda, Stanislaw"]
[Result "0-1"]
[WhiteElo "1280"]
[BlackElo "1637"]
[PlyCount "96"]
[EventDate "2012.09.17"]
[EventType "tourn"]
[EventRounds "1"]
[EventCountry "POL"]
[SourceDate "2012.09.17"]

1. e4 e5 2. f4 exf4 3. Nf3 h6 4. d4 g5 5. Bc4 d6 6. h3 Bg7 7. Nc3 Nc6 8. h4 Bg4
9. hxg5 hxg5 10. Rxh8 Bxh8 11. Ne2 Qe7 12. Qd3 Nf6 13. d5 Ne5 14. Nxe5 Qxe5 15.
Bb5+ Bd7 16. Bxd7+ Nxd7 17. g3 fxg3 18. Nxg3 O-O-O 19. Bd2 Nc5 20. Qf3 Bf6 21.
Nh5 Qxe4+ 22. Qxe4 Nxe4 23. Nxf6 Nxf6 24. Bxg5 Re8+ 25. Kf1 Nxd5 26. Rd1 Ne3+
27. Bxe3 Rxe3 28. Re1 Rxe1+ 29. Kxe1 Kd7 30. Ke2 Ke6 31. Ke3 Ke5 32. c3 f5 33.
b3 f4+ 34. Kf3 d5 35. a3 c5 36. a4 d4 37. c4 d3 38. Kf2 Ke4 39. Ke1 Ke3 40. a5
a6 41. Kd1 d2 42. b4 cxb4 43. c5 f3 44. c6 f2 45. c7 f1=Q+ 46. Kc2 Qc1+ 47. Kb3
Qc3+ 48. Ka4 Qa3# 0-1

[Event "114th YMCA Autumn D"]
[Site "Chylice"]
[Date "2012.11.25"]
[Round "10"]
[White "Rozycki, Wojciech"]
[Black "Gajda, Stanislaw"]
[Result "0-1"]
[WhiteElo "1447"]
[BlackElo "1637"]
[PlyCount "34"]
[EventDate "2012.09.17"]
[EventType "tourn"]
[EventRounds "1"]
[EventCountry "POL"]
[SourceDate "2012.09.17"]

1. e4 e5 2. Nf3 Nc6 3. d4 exd4 4. Nxd4 Qf6 5. c3 Bc5 6. Be3 Qg6 7. Qf3 Nf6 8.
Nd2 Bb6 9. O-O-O d6 10. h3 O-O 11. Be2 Re8 12. Bd3 Ne5 13. Qe2 Nxd3+ 14. Qxd3
Nxe4 15. Qf1 Bc5 16. h4 Nxc3 17. h5 Nxa2# 0-1

[Event "114th YMCA Autumn D"]
[Site "Chylice"]
[Date "2012.11.19"]
[Round "10"]
[White "Golecki, Jan"]
[Black "Golecka, Jadwiga"]
[Result "1-0"]
[WhiteElo "1354"]
[BlackElo "1280"]
[PlyCount "69"]
[EventDate "2012.09.17"]
[EventType "tourn"]
[EventRounds "1"]
[EventCountry "POL"]
[SourceDate "2012.09.17"]

1. e4 e5 2. f4 exf4 3. Nf3 Nc6 4. d4 Bb4+ 5. c3 Ba5 6. Bxf4 d6 7. Bc4 Nf6 8.
O-O O-O 9. Nbd2 Bg4 10. Qb3 Bb6 11. Kh1 Qd7 12. Rae1 Rae8 13. Bb5 a6 14. Ba4
Re7 15. d5 Na7 16. Bxd7 Rxd7 17. Nc4 Re8 18. Nxb6 cxb6 19. Qxb6 Nc8 20. Qd4 Ne7
21. h3 Bh5 22. g4 Bg6 23. Nh4 Rc7 24. Bxd6 Rd7 25. Bxe7 Rdxe7 26. Nxg6 fxg6 27.
e5 Nd7 28. e6 Nf6 29. d6 Rxe6 30. Rxe6 Rxe6 31. Qc4 Kf7 32. Re1 b5 33. Qxe6+
Kf8 34. Qc8+ Kf7 35. Re7# 1-0

[Event "114th YMCA Autumn D"]
[Site "Chylice"]
[Date "2012.11.22"]
[Round "10"]
[White "Rylska, Kamila"]
[Black "Moscicka, Pola"]
[Result "0-1"]
[WhiteElo "1361"]
[BlackElo "1399"]
[PlyCount "54"]
[EventDate "2012.09.17"]
[EventType "tourn"]
[EventRounds "1"]
[EventCountry "POL"]
[SourceDate "2012.09.17"]

1. e4 c5 2. Nf3 Nc6 3. Bb5 e6 4. O-O Nf6 5. Re1 g6 6. Bxc6 bxc6 7. c3 Bg7 8. d4
cxd4 9. cxd4 O-O 10. Bg5 Qb6 11. Qd2 d5 12. Nc3 Ba6 13. e5 Nd7 14. Bh6 Rac8 15.
Bxg7 Kxg7 16. Rac1 Rc7 17. Na4 Qb7 18. Nc5 Nxc5 19. Rxc5 Rb8 20. b4 Qxb4 21.
Qg5 Bd3 22. Qf6+ Kg8 23. Rec1 Bc4 24. Ng5 Qd2 25. Rf1 Bxf1 26. Rxc6 Bb5 27.
Rxc7 Qe1# 0-1

[Event "114th YMCA Autumn D"]
[Site "Chylice"]
[Date "2012.11.22"]
[Round "10"]
[White "Duniec, Mateusz"]
[Black "Piotrowicz, Jakub"]
[Result "1-0"]
[WhiteElo "1617"]
[BlackElo "1430"]
[PlyCount "29"]
[EventDate "2012.09.17"]
[EventType "tourn"]
[EventRounds "1"]
[EventCountry "POL"]
[SourceDate "2012.09.17"]

1. e4 e5 2. Nf3 Nc6 3. d4 exd4 4. Bc4 Bc5 5. O-O Nf6 6. e5 Ng4 7. Bg5 Be7 8.
Bxe7 Qxe7 9. Re1 Qc5 10. Bxf7+ Kxf7 11. Ng5+ Ke8 12. Qxg4 Qxc2 13. e6 d6 14.
Nf7 Qxb2 15. Nxh8 1-0

[Event "114th YMCA Autumn D"]
[Site "Chylice"]
[Date "2012.11.22"]
[Round "10"]
[White "Wisniewski, Jacek"]
[Black "Moscicki, Slawomir"]
[Result "1-0"]
[WhiteElo "1438"]
[BlackElo "1412"]
[PlyCount "79"]
[EventDate "2012.09.17"]
[EventType "tourn"]
[EventRounds "1"]
[EventCountry "POL"]
[SourceDate "2012.09.17"]

1. e4 e5 2. Nf3 d6 3. d4 Nf6 4. Nc3 Nbd7 5. Bc4 Be7 6. dxe5 Nxe5 7. Nxe5 dxe5
8. Qxd8+ Bxd8 9. b3 c6 10. Bb2 O-O 11. O-O-O Be6 12. Bxe6 fxe6 13. f3 Nh5 14.
Ne2 Nf4 15. Nxf4 exf4 16. Rd7 Rf7 17. Rhd1 Bf6 18. Rxf7 Kxf7 19. Rd7+ Kg6 20.
Rxb7 a5 21. Rc7 a4 22. Bxf6 Kxf6 23. Kb2 axb3 24. cxb3 Rd8 25. Rxc6 Rd1 26. Rc2
Rh1 27. h3 Rh2 28. a4 Ke5 29. a5 Kd4 30. a6 Ke3 31. a7 Rxg2 32. Rxg2 Kxf3 33.
Rxg7 Ke3 34. a8=Q f3 35. Qa7+ Ke2 36. Rf7 e5 37. Kc2 h5 38. h4 Ke1 39. Rxf3 Ke2
40. Qf2# 1-0

[Event "114th YMCA Autumn D"]
[Site "Chylice"]
[Date "2012.10.29"]
[Round "10"]
[White "Chylewski, Patryk"]
[Black "Chylewski, Daniel"]
[Result "1-0"]
[WhiteElo "1579"]
[BlackElo "1302"]
[PlyCount "69"]
[EventDate "2012.09.17"]
[EventType "tourn"]
[EventRounds "1"]
[EventCountry "POL"]
[SourceDate "2012.09.17"]

1. e4 e5 2. Nf3 Nc6 3. d4 exd4 4. Nxd4 Nf6 5. Nxc6 dxc6 6. Qxd8+ Kxd8 7. Bd3
Bb4+ 8. Ke2 Bg4+ 9. f3 Bh5 10. Bg5 h6 11. Bxf6+ gxf6 12. Nd2 Rg8 13. g4 Bg6 14.
a3 Bxd2 15. Kxd2 Ke7 16. Ke3 Ke6 17. Rad1 Rad8 18. f4 Bh7 19. h3 Ke7 20. Bc4
Rgf8 21. c3 Bg8 22. f5 Rxd1 23. Rxd1 Rd8 24. Rxd8 Kxd8 25. Kf4 Kd7 26. Kg3 h5
27. gxh5 Ke7 28. h4 Kd6 29. Kf4 Kc5 30. Ba2 Kd6 31. h6 Ke7 32. Bb3 Kf8 33. e5
fxe5+ 34. Kxe5 f6+ 35. Kxf6 1-0

[Event "114th YMCA Autumn D"]
[Site "Chylice"]
[Date "2012.11.24"]
[Round "11"]
[White "Chylewski, Daniel"]
[Black "Rozycki, Wojciech"]
[Result "1-0"]
[WhiteElo "1302"]
[BlackElo "1447"]
[PlyCount "35"]
[EventDate "2012.09.17"]
[EventType "tourn"]
[EventRounds "1"]
[EventCountry "POL"]
[SourceDate "2012.09.17"]

1. d4 d5 2. Nf3 e6 3. c4 c5 4. Bf4 Bd6 5. Bg3 Qb6 6. Qd2 cxd4 7. Qxd4 Qa5+ 8.
Nc3 Bb4 9. Qxg7 f6 10. Rc1 Qxa2 11. Qxh8 Qxb2 12. Qxg8+ Kd7 13. Qf7+ Be7 14.
Kd1 Qb3+ 15. Rc2 Nc6 16. cxd5 Nb4 17. dxe6+ Qxe6 18. Rd2+ 1-0

[Event "114th YMCA Autumn D"]
[Site "Chylice"]
[Date "2012.10.12"]
[Round "11"]
[White "Moscicki, Slawomir"]
[Black "Chylewski, Patryk"]
[Result "0-1"]
[WhiteElo "1412"]
[BlackElo "1579"]
[PlyCount "100"]
[EventDate "2012.09.17"]
[EventType "tourn"]
[EventRounds "1"]
[EventCountry "POL"]
[SourceDate "2012.09.17"]

1. d4 Nf6 2. c4 e6 3. Nc3 Bb4 4. Bd2 c5 5. a3 Bxc3 6. Bxc3 Ne4 7. Nf3 Nxc3 8.
bxc3 Qa5 9. Qd2 f5 10. e3 O-O 11. Be2 Qc7 12. O-O b6 13. d5 d6 14. Ng5 e5 15.
e4 h6 16. Ne6 Bxe6 17. dxe6 Nc6 18. exf5 Rxf5 19. Bf3 Rd8 20. Rae1 Ne7 21. Bg4
Rf4 22. Bh3 Rxc4 23. f4 exf4 24. Rxf4 Rxf4 25. Qxf4 Rf8 26. Qh4 d5 27. Rf1
Rxf1+ 28. Kxf1 Ng6 29. Qf2 Qf4 30. g3 Qxf2+ 31. Kxf2 Kf8 32. Kf3 Ke7 33. Bf5
Nf8 34. h4 Nxe6 35. Kg4 Kf6 36. Bh7 g6 37. h5 g5 38. Bd3 Ng7 39. Bc2 Ke5 40.
Bd3 c4 41. Bg6 d4 42. Bf7 dxc3 43. Bxc4 c2 44. a4 c1=Q 45. a5 Qxc4+ 46. Kh3 g4+
47. Kg2 Qe2+ 48. Kg1 Nf5 49. axb6 Ne3 50. bxa7 Qg2# 0-1

[Event "114th YMCA Autumn D"]
[Site "Chylice"]
[Date "2012.11.23"]
[Round "11"]
[White "Moscicka, Pola"]
[Black "Duniec, Mateusz"]
[Result "1/2-1/2"]
[WhiteElo "1399"]
[BlackElo "1617"]
[PlyCount "106"]
[EventDate "2012.09.17"]
[EventType "tourn"]
[EventRounds "1"]
[EventCountry "POL"]
[SourceDate "2012.09.17"]

1. e4 c5 2. Nf3 Nc6 3. d4 cxd4 4. Nxd4 Nf6 5. Nc3 e5 6. Ndb5 d6 7. Bg5 a6 8.
Na3 b5 9. Nd5 Be7 10. Bxf6 Bxf6 11. Nb1 Bg5 12. a4 Qa5+ 13. c3 b4 14. Bc4 O-O
15. O-O Kh8 16. Qh5 Bd8 17. Nd2 Qc5 18. Bd3 a5 19. Rac1 Qa7 20. Nc4 Ba6 21. Qe2
Bxc4 22. Bxc4 Bg5 23. Rcd1 bxc3 24. Nxc3 Nd4 25. Qg4 Bh6 26. Nb5 Nxb5 27. Bxb5
f5 28. exf5 Qc5 29. Qe4 Rad8 30. Kh1 Qb4 31. Qxb4 axb4 32. g4 d5 33. Rfe1 Bf4
34. Rd3 Rf6 35. h3 d4 36. Rb3 h5 37. Kg2 hxg4 38. hxg4 Rh6 39. Rh1 Rxh1 40.
Kxh1 e4 41. Rh3+ Bh6 42. g5 d3 43. gxh6 d2 44. hxg7+ Kxg7 45. Be2 Rc8 46. Rg3+
Kf6 47. Rg1 Rh8+ 48. Kg2 Rg8+ 49. Kf1 Rc8 50. Kg2 Rg8+ 51. Kh1 Rh8+ 52. Kg2
Rg8+ 53. Kh1 Rh8+ 1/2-1/2

[Event "114th YMCA Autumn D"]
[Site "Chylice"]
[Date "2012.11.26"]
[Round "11"]
[White "Golecka, Jadwiga"]
[Black "Rylska, Kamila"]
[Result "0-1"]
[WhiteElo "1280"]
[BlackElo "1361"]
[PlyCount "72"]
[EventDate "2012.09.17"]
[EventType "tourn"]
[EventRounds "1"]
[EventCountry "POL"]
[SourceDate "2012.09.17"]

1. e4 e5 2. f4 exf4 3. Nf3 Nf6 4. Nc3 d5 5. e5 Ne4 6. d4 Bb4 7. Bd2 Bg4 8. Nxe4
dxe4 9. Bxb4 exf3 10. gxf3 Qh4+ 11. Kd2 Qf2+ 12. Be2 Qxd4+ 13. Kc1 Qxb4 14.
fxg4 Nc6 15. Re1 Rd8 16. Bd3 O-O 17. e6 fxe6 18. Rxe6 f3 19. Qf1 Qxg4 20. Bc4
Kh8 21. b3 Nd4 22. Re1 f2 23. Re7 Qg5+ 24. Kb2 Qxe7 25. Rd1 Qe4 26. Bd3 Qf3 27.
Rd2 Qe3 28. Rd1 Rd5 29. Qg2 Rg5 30. Qh1 Rg1 31. Rxg1 fxg1=Q 32. Qxb7 Qgc1+ 33.
Kc3 Qxc2+ 34. Kb4 Qexd3 35. Qxa7 Nc6+ 36. Ka4 Qxa2# 0-1